| 000 | 00720nam a2200217 a 4500 | ||
|---|---|---|---|
| 003 | OSt | ||
| 005 | 20141103164944.0 | ||
| 008 | 140909s2014 spc|||||| 000 ||cat|d | ||
| 017 | _aDL B. 15356-2014 | ||
| 020 | _a9788494277207 | ||
| 040 |
_bcat _cCDMR |
||
| 100 | 1 | _aGordillo, Saül | |
| 245 | 1 | 0 |
_aSobirania.cat _b: 10 anys de la revolta política catalana a Internet _cSaül Gordillo ; pròleg d'Enric Marín i Joan Manuel Tresserras ; epíleg de Genís Roca |
| 260 |
_aBarcelona _bCrea't _c2014 |
||
| 300 |
_a253 p. _c24 cm |
||
| 650 | 0 | 4 |
_aInternet _xAspectes socials _zCatalunya _93902 |
| 700 | 1 |
_aMarín, Enric, _d1956- |
|
| 700 | 1 |
_aTresserras, Joan Manuel _d1955- _9489 |
|
| 700 | 1 | _aRoca, Genís | |
| 942 | _cMON | ||
| 999 |
_c6762 _d6762 |
||